Poemas primeros / (Record no. 129203)

MARC details
000 -LEADER
campo de control de longitud fija 00533nam a2200181 i 4500
001 - NÚMERO DE CONTROL
campo de control 129203
003 - IDENTIFICADOR DE NÚMERO DE CONTROL
campo de control ES-MaACL
005 - FECHA Y HORA DE LA ÚLTIMA TRANSACCIÓN
campo de control 20230906193445.0
007 - CAMPO FIJO DE DESCRIPCIÓN FÍSICA--INFORMACIÓN GENERAL
campo de control de longitud fija t|
008 - DATOS DE LONGITUD FIJA--INFORMACIÓN GENERAL
campo de control de longitud fija 070608s1972 xxu ||||1| spa d
080 ## - NÚMERO DE LA CLASIFICACIÓN DECIMAL UNIVERSAL
Número de la Clasificación Decimal Universal 869(729.3)-14"19"
100 1# - ENTRADA PRINCIPAL--NOMBRE DE PERSONA
Nombre de persona Terc, Nemén Michel.
9 (RLIN) 109731
245 10 - MENCIÓN DEL TÍTULO
Título Poemas primeros /
Mención de responsabilidad, etc. Michel Terc Nemén ; prólogo de Andrés Avelino.
260 ## - PUBLICACIÓN, DISTRIBUCIÓN, ETC.
Lugar de publicación, distribución, etc. Miami (Florida) :
Nombre del editor, distribuidor, etc. Universal,
Fecha de publicación, distribución, etc. [1972]
300 ## - DESCRIPCIÓN FÍSICA
Extensión 61 p. ;
Dimensiones 20 cm.
700 1# - ENTRADA AGREGADA--NOMBRE PERSONAL
Nombre de persona Avelino, Andrés.
9 (RLIN) 24003
852 ## - LOCALIZACIÓN
Ubicación ES-MaACL
Número de control de estantería C-49592
Sublocalización o colección R.83070
Holdings
Estatus retirado Estado de pérdida Estado de daño No para préstamo Biblioteca de origen Biblioteca actual Ubicación en estantería Fecha de adquisición Fuente de adquisición Total de préstamos Signatura topográfica completa Código de barras Visto por última vez Precio de reemplazo Tipo de ítem Koha
        Biblioteca del Ateneo de Madrid Biblioteca del Ateneo de Madrid Depósito 2 17/01/2008     C-49592 1134548 23/02/2023 23/02/2023 Libro impreso